000 00754nam a22002655i 4500
001 10866
003 ES-MaACL
005 20250823094802.0
007 t|
008 930104s1992 sp ||||0| spa j
020 _a84-283-1853-0
040 _aM-BN
_bspa
_cM-BN
080 _a78:681.31
080 _a681.31:78
100 1 _aNúñez, Adolfo.
_986136
245 1 0 _aInformática y electrónica musical /
_cAdolfo Núñez.
260 _aMadrid :
_bParaninfo,
_c1992.
300 _a272 p ;
_c24 cm.
500 _aIndice.
504 _aBibliografía: p. 259-262.
650 1 7 _aMúsica por ordenador
_2embne
_915405
650 1 7 _aMúsica electrónica
_2embne
_915406
852 _aES-MaACL
_jL-18190
_bR.121844
999 _c10866
_d10866